000 00323nam a2200133Ia 4500
008 151213s9999 xx 000 0 und d
100 _aTony Morrison
245 _aThe Bluest Eye
_cTony Morrison
260 _aLondon
_bVintage
_c1994
300 _a3531 p.
650 _aEnglish
700 _aTony Morrison
999 _c2338
_d2338